000 01186nam a22003377a 4500
003 CHAP
005 20220817044458.0
008 110909s1973 mx a r 00010 spa d
010 _a102076
011 _a103048
035 _a113737
040 _cCHAP
082 0 4 _a972.75
_bV6
100 0 0 _aVogt, Evon Z.
_9120610
245 1 4 _aLos zinacantecos :
_bun grupo maya en el siglo XX
_c/por Evon Z. Vogt
260 _aMéxico, D.F. :
_bSEP,
_c1973
300 _a175 p. :
_bilus., cuadros
490 0 _aSEP/Setentas
_v; 69
534 _pTít. original :
_tThe Zinacantecos of Mexico, a modern Maya way of life.
_cHolt, Rinehart and Winston, Inc., 1970,
_b1 ed.
590 _aBATCH-UPD
_b10
_c20130110
_lUCH01
_h1200
590 _aBATCH-UPD
_b10
_c20130410
_lUCH01
_h0742
590 _aBATCH-UPD
_b10
_c20130914
_lUCH01
_h1632
590 _aCONVERSION
_b10
_c20130109
_lUCH01
_h1356
650 1 4 _aIndios de México
_xCondiciones sociales.
_957626
650 1 4 _aMayas
_xCondiciones sociales.
_973212
650 1 4 _aZinacantecos.
_9124053
830 0 _aSEP. Setentas
_v; 69
901 _aBK
942 _cLIBRO
949 _a972.75 V6
_bBC
_cLIBRO
_d33724002307116
_eLIBRO
_gDonaciØn
_h115761
_i113737
_sb
999 _c102076
_d102076